[Event "AUTO-OPEN-4358"]
[Site "http://www.queenalice.com/game.php?id=1785528"]
[Date "2022.3.24"]
[Round "1"]
[White "bdpq"]
[Black "pastor"]
[Result "1-0"]
[WhiteElo "1769"]
[BlackElo "1766"]

1. e4 e5 2. d4 exd4 3. Qxd4 Nc6 4. Qd1 d6 5. Nf3 Bg4 6. Be2 Bxf3 7. Bxf3 Nf6 8.
O-O Be7 9. Bg5 O-O 10. Nc3 h6 11. Be3 Ne5 12. Bd4 Nxf3+ 13. Qxf3 c5 14. Be3 Re8
15. Qg3 Kh7 16. Nd5 Nxe4 17. Qf3 Nf6 18. Nxf6+ Bxf6 19. Rad1 Rb8 20. Qg3 Be5 21.
Bf4 1-0

[Event "AUTO-OPEN-4358"]
[Site "http://www.queenalice.com/game.php?id=1785529"]
[Date "2022.3.24"]
[Round "1"]
[White "pastor"]
[Black "bdpq"]
[Result "0-1"]
[WhiteElo "1750"]
[BlackElo "1785"]

1. e4 d5 2. exd5 Qxd5 3. Nc3 Qd8 4. Nf3 Bg4 5. Bc4 e6 6. d3 Nc6 7. O-O Qf6 8.
Bb5 e5 9. Re1 O-O-O 10. Bxc6 Qxc6 11. Nxe5 Qa6 12. Qxg4+ Qe6 13. Qxe6+ fxe6 14.
Nf7 Re8 15. Nxh8 Bb4 16. Nf7 Bxc3 17. bxc3 Nf6 18. Ne5 h5 19. Be3 g5 20. Bxg5
Nd5 21. Bd2 c6 0-1

[Event "AUTO-OPEN-4358"]
[Site "http://www.queenalice.com/game.php?id=1785554"]
[Date "2022.3.24"]
[Round "1"]
[White "ALDROB"]
[Black "pastor"]
[Result "1-0"]
[WhiteElo "1786"]
[BlackElo "1735"]

1. d4 d5 2. c4 e6 3. Nc3 Nf6 4. Bg5 Be7 5. Nf3 Nbd7 6. e3 b6 7. Be2 dxc4 8. Bxc4
O-O 9. O-O Bb7 10. Ne5 Nxe5 11. dxe5 Nd7 12. Bf4 Qc8 13. Nb5 h6 14. Qb3 a6 15.
Nd4 c5 16. Ne2 Qc6 17. f3 b5 18. Bd3 c4 19. Be4 Qxe4 20. Qc3 1-0

[Event "AUTO-OPEN-4358"]
[Site "http://www.queenalice.com/game.php?id=1785555"]
[Date "2022.3.24"]
[Round "1"]
[White "pastor"]
[Black "ALDROB"]
[Result "0-1"]
[WhiteElo "1721"]
[BlackElo "1800"]

1. e4 c5 2. Nf3 d6 3. Bb5+ Nd7 4. Nc3 Nf6 5. O-O e5 6. d3 Be7 7. Bg5 O-O 8. Nd5
Nxd5 9. Bxe7 Nxe7 10. Ng5 h6 11. Bxd7 hxg5 12. Ba4 a6 13. c3 b5 14. Bb3 Be6 15.
Bxe6 fxe6 16. Qg4 Rf6 17. Qxg5 Rg6 18. Qd2 Qc7 19. f4 Qb6 0-1

[Event "AUTO-OPEN-4358"]
[Site "http://www.queenalice.com/game.php?id=1785570"]
[Date "2022.3.24"]
[Round "1"]
[White "EdBrazil"]
[Black "pastor"]
[Result "1-0"]
[WhiteElo "1489"]
[BlackElo "1876"]

1. d4 d5 2. e3 Nf6 3. f4 Bg4 4. Qd3 g6 5. h3 Bf5 6. Qb5+ Nbd7 7. Qxb7 Bxc2 8.
Nc3 Nb6 9. Bb5+ Nfd7 10. Bxd7+ Kxd7 11. Nxd5 Rb8 12. Nxb6+ axb6 13. Qd5+ Kc8 14.
Qc4 Be4 15. Kf2 e6 16. b4 Qh4+ 17. g3 Qe7 18. Rh2 Qxb4 19. Qxb4 Bxb4 20. a3 Ra8
21. a4 b5 22. h4 bxa4 23. Nh3 a3 24. Ng5 f5 25. Nxe6 a2 26. Kf1 Kd7 27. Ng5 Bd3+
28. Kg1 Rhb8 29. Rhxa2 Rxa2 30. Rxa2 h6 31. Nf3 Be7 32. Ne5+ Kd6 33. Ra6+ Kd5
34. Nxd3 Rb1 35. Rxg6 Rxc1+ 36. Nxc1 1-0

[Event "AUTO-OPEN-4358"]
[Site "http://www.queenalice.com/game.php?id=1785571"]
[Date "2022.3.24"]
[Round "1"]
[White "pastor"]
[Black "EdBrazil"]
[Result "1-0"]
[WhiteElo "1874"]
[BlackElo "1491"]

1. e4 e5 2. Nf3 d6 3. Bb5+ Bd7 4. Bxd7+ Nxd7 5. d3 c5 6. O-O Be7 7. Nc3 Ngf6 8.
Bg5 Qb6 9. Rb1 Ng4 10. Bxe7 f6 11. h3 h5 12. Nh4 Kxe7 13. Nd5+ Kf7 14. Nxb6 Nxb6
15. hxg4 g6 16. gxh5 Rxh5 17. g3 Rah8 18. Kg2 g5 19. Nf5 Nc8 20. c3 Rh2+ 21. Kf3
g4+ 22. Kxg4 Ne7 23. Qb3+ Kf8 24. Qxb7 Rg8+ 25. Kf3 Nxf5 26. Qc8+ 1-0

[Event "AUTO-ADV-4598"]
[Site "http://www.queenalice.com/game.php?id=1785609"]
[Date "2022.3.24"]
[Round "1"]
[White "Tenor"]
[Black "pastor"]
[Result "1-0"]
[WhiteElo "1768"]
[BlackElo "1783"]

1. e4 e5 2. Nf3 Nc6 3. Bb5 d6 4. Bxc6+ bxc6 5. O-O Nf6 6. d3 Bg4 7. h3 Bxf3 8.
Qxf3 Be7 9. c4 O-O 10. Nc3 d5 11. exd5 cxd5 12. Nxd5 Nxd5 13. Qxd5 Qxd5 14. cxd5
f6 15. Be3 Rfd8 16. Rac1 Bd6 17. d4 e4 18. b3 f5 19. g3 h6 20. f4 Rdc8 21. Rc4
g5 22. a4 Rab8 23. Rb1 1-0

[Event "AUTO-ADV-4598"]
[Site "http://www.queenalice.com/game.php?id=1785610"]
[Date "2022.3.24"]
[Round "1"]
[White "pastor"]
[Black "Tenor"]
[Result "0-1"]
[WhiteElo "1801"]
[BlackElo "1750"]

1. e4 d6 2. d4 g6 3. Nf3 Bg7 4. c3 Nf6 5. Bd3 O-O 6. O-O Nc6 7. h3 e5 8. Bg5
exd4 9. cxd4 Re8 10. Nc3 Qd7 11. Bb5 Nxe4 12. Nxe4 Rxe4 13. Bxc6 Qxc6 14. d5 Qb6
15. Rb1 h6 16. Be3 Qb5 17. Qd2 b6 18. Bxh6 Bf6 19. Bg5 Re2 20. a4 Rxd2 21. axb5
Rxd5 22. Bxf6 Rxb5 23. Rfe1 Be6 0-1

[Event "AUTO-ADV-4598"]
[Site "http://www.queenalice.com/game.php?id=1785623"]
[Date "2022.3.24"]
[Round "1"]
[White "mvson33"]
[Black "pastor"]
[Result "1-0"]
[WhiteElo "1924"]
[BlackElo "1866"]

1. Nf3 Nc6 2. d4 d5 3. e3 Nf6 4. Bd3 Bg4 5. O-O e6 6. a3 Be7 7. c4 O-O 8. cxd5
Nxd5 9. Nc3 Bxf3 10. Qxf3 Nf6 11. Bd2 Bd6 12. Rac1 Ne7 13. b4 c6 14. Ne4 Nxe4
15. Bxe4 f5 16. Bd3 Rf6 17. Rc2 1-0

[Event "AUTO-ADV-4598"]
[Site "http://www.queenalice.com/game.php?id=1785624"]
[Date "2022.3.24"]
[Round "1"]
[White "pastor"]
[Black "mvson33"]
[Result "0-1"]
[WhiteElo "1881"]
[BlackElo "1909"]

1. e4 c5 2. Nf3 Nc6 3. Bb5 Qc7 4. d3 a6 5. Bxc6 dxc6 6. g3 Bg4 7. Bf4 Qd7 8.
Nbd2 Nf6 9. Nc4 e6 10. Nce5 Bxf3 11. Qxf3 Qd8 12. Bg5 Be7 13. O-O O-O 14. Bxf6
Bxf6 15. Nc4 Qc7 16. c3 Rad8 17. Rad1 Rd7 0-1

[Event "AUTO-ADV-4598"]
[Site "http://www.queenalice.com/game.php?id=1785631"]
[Date "2022.3.24"]
[Round "1"]
[White "coyote78"]
[Black "pastor"]
[Result "1-0"]
[WhiteElo "1862"]
[BlackElo "1829"]

1. e4 e5 2. Nf3 Nc6 3. Bc4 Nf6 4. Nc3 Bb4 5. d3 d6 6. h3 O-O 7. O-O Bxc3 8. bxc3
Be6 9. Bxe6 fxe6 10. Ba3 Nh5 11. d4 Nf4 12. dxe5 Nxe5 13. Nxe5 dxe5 14. Bxf8 Qh4
15. Bxg7 Nxg2 16. Qg4 Qxg4 17. hxg4 Kxg7 18. Kxg2 Rd8 19. Rad1 1-0

[Event "AUTO-ADV-4598"]
[Site "http://www.queenalice.com/game.php?id=1785632"]
[Date "2022.3.24"]
[Round "1"]
[White "pastor"]
[Black "coyote78"]
[Result "0-1"]
[WhiteElo "1814"]
[BlackElo "1877"]

1. e4 e5 2. Nf3 Nc6 3. Nc3 Nf6 4. d3 h6 5. Be2 Bc5 6. h3 d5 7. d4 exd4 8. exd5
Nxd5 9. Nxd5 Qxd5 10. Bb5 Bd7 11. Bxc6 Bxc6 12. c3 Bb5 13. b3 Qe4+ 14. Kd2 dxc3+
15. Kxc3 Bb4+ 16. Kb2 Ba3+ 17. Kxa3 O-O 18. Qd2 Rad8 19. Qb4 Qc6 20. Be3 Qa6+
0-1

[Event "AUTO-OPEN-4444"]
[Site "http://www.queenalice.com/game.php?id=1811543"]
[Date "2023.5.9"]
[Round "1"]
[White "pastor"]
[Black "WLAO"]
[Result "0-1"]
[WhiteElo "1680"]
[BlackElo "1464"]

1. e4 d5 2. Nf3 dxe4 3. Ng5 Bf5 4. Nc3 e6 5. Ngxe4 Bb4 6. a3 Bxc3 7. Nxc3 Nc6 8.
Bb5 Ne7 9. d3 O-O 10. Bg5 a6 11. Bxc6 bxc6 12. O-O Rb8 13. Rb1 Qd6 14. Bxe7 Qxe7
15. g4 Bg6 16. Qf3 h6 0-1

[Event "AUTO-OPEN-4444"]
[Site "http://www.queenalice.com/game.php?id=1811544"]
[Date "2023.5.9"]
[Round "1"]
[White "WLAO"]
[Black "pastor"]
[Result "0-1"]
[WhiteElo "1495"]
[BlackElo "1651"]

1. e4 e5 2. Bc4 Nf6 3. d3 Bc5 4. Nf3 Nc6 5. O-O d6 6. Ng5 O-O 7. Bxf7+ Rxf7 8.
Nxf7 Kxf7 9. Bg5 g6 10. Qd2 Qh8 11. Bh6 Ng4 12. Bg5 h6 13. Bh4 g5 14. Bxg5 hxg5
15. h3 Nxf2 16. Rxf2+ Kg6 17. Kf1 Bxf2 18. Qxf2 Bxh3 19. gxh3 Rf8 20. Qxf8 Qxf8+
21. Ke2 Nd4+ 22. Kd2 Qf2+ 23. Kc3 Qxc2+ 24. Kb4 Qxb2+ 25. Kc4 c6 26. Nc3 b5+ 27.
Nxb5 cxb5+ 28. Kd5 Qa3 29. Rg1 Qc5# 0-1

[Event "AUTO-OPEN-4444"]
[Site "http://www.queenalice.com/game.php?id=1811545"]
[Date "2023.5.9"]
[Round "1"]
[White "pastor"]
[Black "suenteus_po_147"]
[Result "0-1"]
[WhiteElo "1659"]
[BlackElo "2158"]

1. e4 e5 2. Nf3 Nc6 3. Nc3 Nf6 4. Bb5 Nd4 5. d3 Bb4 6. Bd2 Bxc3 7. bxc3 Nxb5 8.
Nxe5 d6 9. Nf3 c5 10. O-O O-O 11. a4 Nc7 12. Bg5 Ne6 13. Bxf6 Qxf6 14. Qd2 Bd7
15. Rfb1 Bc6 16. a5 a6 17. h3 Rab8 18. d4 Bxe4 19. Rb6 Qd8 20. Rab1 c4 21. Qe2
Bxf3 22. Qxf3 d5 23. Qg3 Qc7 24. Qg4 Qd7 25. f4 f5 26. Qf3 Rfe8 27. g3 g6 28.
Kg2 Nc7 29. Rxb7 Rxb7 30. Rxb7 Qc6 31. Rb6 Qa4 32. g4 Qxc2+ 33. Kf1 Qd2 34. Qg3
Qd1+ 35. Kg2 Re2+ 36. Qf2 Rxf2+ 0-1

[Event "AUTO-OPEN-4444"]
[Site "http://www.queenalice.com/game.php?id=1811546"]
[Date "2023.5.9"]
[Round "1"]
[White "suenteus_po_147"]
[Black "pastor"]
[Result "1-0"]
[WhiteElo "2157"]
[BlackElo "1661"]

1. e4 e5 2. Nc3 Nf6 3. Bc4 Bb4 4. d3 d6 5. f4 Bg4 6. Nf3 O-O 7. h3 Bxf3 8. Qxf3
Nc6 9. Qf2 a6 10. Bd2 Bxc3 11. Bxc3 d5 12. exd5 Nxd5 13. fxe5 Nxc3 14. bxc3 Nxe5
15. Bb3 Nxd3+ 16. cxd3 Qxd3 17. Qf3 Rae8+ 18. Kf2 Qd2+ 19. Kg1 Re3 20. Qf1 Qxc3
21. Rc1 Qd4 22. Qf2 c5 23. Rd1 Qe5 24. Bxf7+ Kh8 25. Qh4 Qc7 26. Bg6 h6 27. Qc4
Qg3 28. Qg4 Qf2+ 29. Kh2 Qxa2 30. Rhf1 Qg8 31. Rxf8 Qxf8 32. Rd7 Qb8+ 33. g3 b5
34. Qf4 Re2+ 35. Kg1 Qc8 36. Qf7 Re1+ 37. Kf2 1-0

[Event "AUTO-ADV-4698"]
[Site "http://www.queenalice.com/game.php?id=1811615"]
[Date "2023.5.10"]
[Round "1"]
[White "dylkink93"]
[Black "pastor"]
[Result "1-0"]
[WhiteElo "2250"]
[BlackElo "1655"]

1. e4 e5 2. Nf3 Nc6 3. Bb5 d6 4. d4 Bd7 5. d5 Nb8 6. Qe2 a6 7. Bxd7+ Qxd7 8. O-O
Nf6 9. a3 Be7 10. c4 O-O 11. Nc3 c6 12. h3 cxd5 13. cxd5 Re8 14. Bg5 h6 15. Bxf6
Bxf6 16. Rac1 b5 17. Rc2 Qa7 18. Rfc1 Nd7 19. Nxb5 1-0

[Event "AUTO-ADV-4698"]
[Site "http://www.queenalice.com/game.php?id=1811616"]
[Date "2023.5.10"]
[Round "1"]
[White "pastor"]
[Black "dylkink93"]
[Result "0-1"]
[WhiteElo "1653"]
[BlackElo "2251"]

1. e4 d5 2. Nf3 dxe4 3. Ng5 Nf6 4. d3 exd3 5. Bxd3 Nc6 6. Nc3 e5 7. O-O h6 8.
Nf3 Bd6 9. Re1 O-O 10. Bxh6 gxh6 11. Qd2 Kg7 12. h3 Be6 13. Nh4 Nh5 14. Bf5 Qxh4
15. Re4 Qf6 16. Rg4+ Kh8 17. Nd5 Qxf5 18. Qxh6+ Qh7 0-1